Rubberum medical uthpannangalum (Record no. 51402)
[ view plain ]
| 000 -LEADER | |
|---|---|
| fixed length control field | 00257nam a2200109Ia 4500 |
| 100 ## - MAIN ENTRY--AUTHOR NAME | |
| Personal name | Sasidharan K K |
| 245 #0 - TITLE STATEMENT | |
| Title | Rubberum medical uthpannangalum |
| 260 ## - PUBLICATION, DISTRIBUTION, ETC. (IMPRINT) | |
| Name of publisher | Rubber |
| Year of publication | 2007 |
| 300 ## - PHYSICAL DESCRIPTION | |
| Number of Pages | 24-25 |
| 942 ## - ADDED ENTRY ELEMENTS (KOHA) | |
| Koha item type | Bibliography STAF |
| Withdrawn status | Lost status | Damaged status | Not for loan | Home library | Current library | Shelving location | Date acquired | Serial Enumeration / chronology | Koha item type |
|---|---|---|---|---|---|---|---|---|---|
| Bibliography | RRII Library | RRII Library | Rubber technology | 11/02/2008 | Volume 500, Issue Novem | Bibliography STAF |